Logica Genevensis continued : Or the first part of the fifth check to antinomianism, containing an answer to "The finishing stroke" of Richard Hill, Esq; ... With an appendix ...

Bibliographic Details
Main Author: Fletcher, John, 1729-1785
Format: eBook
Language:English
Series:Eighteenth century collections online.
Online Access:Full text online

MARC

Tag First Indicator Second Indicator Subfields
LEADER 00000cam a2200000 4500
001 in00001906607
006 m | d |
007 cr |n||||||||n
008 880811s1774 enk|||| s 00||||eng d
005 20260406215744.9
035 |a (CStRLIN)ESTCN33611 
040 |a Cu-RivES  |c Cu-RivES  |d Uk-ES  |d CStRLIN  |d Thomson Gale  |d UtOrBLW 
100 1 |a Fletcher, John,  |d 1729-1785. 
245 1 0 |a Logica Genevensis continued :  |b Or the first part of the fifth check to antinomianism, containing an answer to "The finishing stroke" of Richard Hill, Esq; ... With an appendix ... 
264 3 |a London :  |b printed by R. Hawes,  |c 1774. 
300 |a iv,48p. ;  |c 12⁰. 
336 |a text  |b txt  |2 rdacontent 
337 |a computer  |b c  |2 rdamedia 
338 |a online resource  |b cr  |2 rdacarrier 
500 |a Anonymous. By John Fletcher. 
500 |a Reproduction of original from the John Rylands University Library of Manchester. 
510 4 |a English Short Title Catalog,  |c ESTCN33611. 
533 |a Electronic reproduction.  |b Farmington Hills, Mich. :  |c Thomson Gale,  |d 2003.  |n Available via the World Wide Web.  |n Access limited by licensing agreements  |7 s2003 miunns 
500 |a Electronic resource. 
830 0 |a Eighteenth century collections online. 
856 4 0 |u http://proxy.library.tamu.edu/login?url=https://galenet.galegroup.com/servlet/ECCO?c=1&stp=Author&ste=11&af=BN&ae=N033611&tiPG=1&dd=0&dc=flc&docNum=CW114067879&vrsn=1.0&srchtp=a&d4=0.33&n=10&SU=0LRK&locID=txshracd2898  |z Full text online  |t 0 
999 |a MARS 
999 f f |s 0c6ba5a1-669d-3905-8452-2ba6d5cab90f  |i 1998de1c-84ab-3fee-8abf-e9898ffde43c  |t 0 
952 f f |a Texas A&M University  |b College Station  |c Electronic Resources  |s www_evans  |d Available Online  |t 0  |h No information provided 
998 f f |t 0  |l Available Online